000 00405nam a22001457a 4500
005 20251108172409.0
008 250721s1976 xx 000 0 eng d
100 1 _aF . J, BARKER
245 1 0 _aINTRODUCTION TO MEDICAL LABORATORY TECHNOLOGY /
264 1 _aLONDON :
_bTHE ENGLISH LANGUAGE BOOK SOCIETY,
_c1976.
300 _a735P
650 1 7 _aMEDICAL LABORATORIES
942 _2ddc
_cBK
999 _c78242
_d78242